Comprehensive LET reviewer based n NCBTS and Table of Specifications (TOS) : general education BEEd & BSEd / (Record no. 286)

MARC details
000 -LEADER
fixed length control field 00660nam a2200205 4500
003 - CONTROL NUMBER IDENTIFIER
control field OSt
005 - DATE AND TIME OF LATEST TRANSACTION
control field 20240606061935.0
008 - FIXED-LENGTH DATA ELEMENTS--GENERAL INFORMATION
fixed length control field 240606b |||||||| |||| 00| 0 eng d
020 ## - INTERNATIONAL STANDARD BOOK NUMBER
International Standard Book Number 9716857252
040 ## - CATALOGING SOURCE
Original cataloging agency DWCL-Main lib.
Transcribing agency OC
082 ## - DEWEY DECIMAL CLASSIFICATION NUMBER
Classification number Fil. 370 C737 2011
006 - FIXED-LENGTH DATA ELEMENTS--ADDITIONAL MATERIAL CHARACTERISTICS
fixed length control field a
110 ## - MAIN ENTRY--CORPORATE NAME
Corporate name or jurisdiction name as entry element Lorimar Publishing Inc.
245 ## - TITLE STATEMENT
Title Comprehensive LET reviewer based n NCBTS and Table of Specifications (TOS) : general education BEEd & BSEd /
260 ## - PUBLICATION, DISTRIBUTION, ETC.
Place of publication, distribution, etc. Quezon City :
Name of publisher, distributor, etc. Lorimar Pub. , Inc. ,
Date of publication, distribution, etc. c2011.
300 ## - PHYSICAL DESCRIPTION
Other physical details 180 p. ;
Dimensions 25 cm.
650 ## - SUBJECT ADDED ENTRY--TOPICAL TERM
Topical term or geographic name entry element 1. Education-Examinations,questions,etc.
710 ## - ADDED ENTRY--CORPORATE NAME
Corporate name or jurisdiction name as entry element Lorimar Publishing Inc.
942 ## - ADDED ENTRY ELEMENTS (KOHA)
Source of classification or shelving scheme Dewey Decimal Classification
Suppress in OPAC No
Koha item type Book-Filipiniana
Call number prefix Fil.
Holdings
Withdrawn status Lost status Source of classification or shelving scheme Damaged status Not for loan Home library Current library Shelving location Date acquired Source of acquisition Cost, normal purchase price Total Checkouts Full call number Barcode Date last seen Copy number Price effective from Koha item type Uniform Resource Identifier
    Dewey Decimal Classification     College Library College Library Filipiniana 06/21/2011 School Fund 395.00   Fil. 370 C737 2011 48436 06/06/2024 c1 06/06/2024 Book-Filipiniana
    Dewey Decimal Classification     College Library College Library Filipiniana 06/21/2011 School Fund 395.00   Fil. 370 C737 2011 48437 06/06/2024 c2 06/06/2024 Book-Filipiniana
    Dewey Decimal Classification     College Library College Library Filipiniana 10/31/2013 School Fund     Fil. 370 C737 2011 50357 06/06/2024 c3 06/06/2024 Book-Filipiniana